|
|
|
|
| LEADER |
00000nab a2200000 a 4500 |
| 001 |
vtls000602568 |
| 003 |
SK-MaSNL |
| 005 |
20260304095348.0 |
| 008 |
250425c1996 xo 0 slo |
| 015 |
|
|
|a SNBRB19rr/mm-uuuuu
|
| 035 |
|
|
|a CL0602707
|
| 035 |
|
|
|a urn:nbn:sk:snk-ab1r5s
|
| 035 |
|
|
|a (urnnbn)urn:nbn:sk:snk:ar-0064jm
|
| 035 |
|
|
|a (uuid)21c52596-bbee-4ce0-91cb-1576a048db97
|
| 040 |
|
|
|a SNKBUCL
|b slo
|c SNKBUCL
|e AACR2
|
| 041 |
0 |
|
|a slo
|
| 044 |
|
|
|a xo
|c SK
|
| 080 |
|
|
|a 638.124.56:638.142.3
|2 1981
|
| 080 |
|
|
|a 638.142.3
|2 1981
|
| 100 |
1 |
|
|a Mačička, Michal,
|d 1931-
|4 aut
|9 189606
|
| 245 |
1 |
0 |
|a Rozmiestnenie teploty vzduchu v úľoch
|c Michal Mačička
|
| 650 |
0 |
7 |
|a úle
|2 snkbucl
|9 15073
|
| 655 |
|
7 |
|a články z novín a časopisov
|2 snkbucl
|9 267496
|
| 773 |
0 |
|
|t Včelár
|g Roč. 70, č. 10 (1996), s. 152-153
|x 0139-6064
|
| 850 |
|
|
|a Slovenská národná knižnica
|
| 852 |
|
|
|a Slovenská národná knižnica
|
| 954 |
|
|
|a odborná, vedecká literatúra pôvodná (slovenská)
|2 lita
|
| 958 |
|
|
|a article27
|
| 958 |
|
|
|a OND
|
| 958 |
|
|
|a RK
|
| 958 |
|
|
|a EUIPO
|
| 992 |
|
|
|a RBX
|
| 999 |
|
|
|c 2832339
|d 2834269
|